Del hacha al microchip : (Registro nro. 11779)

Detalles MARC
000 -LEADER
fixed length control field 00995nam a2200253Ia 4500
003 - CONTROL NUMBER IDENTIFIER
control field OSt
005 - DATE AND TIME OF LATEST TRANSACTION
control field 20210525192652.0
008 - FIXED-LENGTH DATA ELEMENTS--GENERAL INFORMATION
fixed length control field 210310s2011 ck gr 000 0 spa d
020 ## - INTERNATIONAL STANDARD BOOK NUMBER
International Standard Book Number 9789589136539
040 ## - CATALOGING SOURCE
Original cataloging agency CO-JMCR
Transcribing agency CO-JMCR
041 0# - LANGUAGE CODE
Language code of text/sound track or separate title spa
082 04 - DEWEY DECIMAL CLASSIFICATION NUMBER
Classification number 331 /
Item number S348h
Edition number 23
100 1# - MAIN ENTRY--PERSONAL NAME
Personal name Silva Colmenares, Julio,
Relator term autor
9 (RLIN) 1601
245 #0 - TITLE STATEMENT
Title Del hacha al microchip :
Remainder of title hacia una civilización planetaria /
Statement of responsibility, etc. Julio Silva Colmenares
250 ## - EDITION STATEMENT
Edition statement Primera edición
260 ## - PUBLICATION, DISTRIBUTION, ETC.
Place of publication, distribution, etc. Bogotá :
Name of publisher, distributor, etc. Aurora,
Date of publication, distribution, etc. 2011.
300 ## - PHYSICAL DESCRIPTION
Extent 223 páginas ;
Dimensions 21 cm.
490 0# - SERIES STATEMENT
Series statement La aventura del desarrollo humano ;
Volume/sequential designation 1
500 0# - GENERAL NOTE
General note Datos biográficos del autor en solapa frontal.
505 0# - FORMATTED CONTENTS NOTE
Formatted contents note De la explosión inicial a la revolución agrícola. -- La revolución agrícola a la revolución industrial. --De la revolución industrial a nuestros días. -- Globalización: un proceso de siglos.
650 14 - SUBJECT ADDED ENTRY--TOPICAL TERM
Topical term or geographic name entry element Revolución agrícola.
9 (RLIN) 37896
650 24 - SUBJECT ADDED ENTRY--TOPICAL TERM
Topical term or geographic name entry element Economía agrícola
9 (RLIN) 37897
942 ## - ADDED ENTRY ELEMENTS (KOHA)
Source of classification or shelving scheme Dewey Decimal Classification
Koha item type Books
Existencias
Withdrawn status Lost status Source of classification or shelving scheme Damaged status Not for loan Home library Current library Shelving location Date acquired Source of acquisition Full call number Barcode Date last seen Copy number Price effective from Koha item type
    Dewey Decimal Classification     Biblioteca Pública José María del Castillo y Rada Biblioteca Pública José María del Castillo y Rada General Stacks 04/15/2018 Donación 331 / S348h 430002707 05/16/2024 Ej.1 03/10/2021 Books